[Event "Oberfranken-ch Q 0607"]
[Site "Schney"]
[Date "2007.01.03"]
[Round "3"]
[White "Hornung, Wolfgang"]
[Black "Max, Uwe"]
[Result "1/2-1/2"]
[WhiteElo "1707"]
[BlackElo "1857"]
[PlyCount "96"]
[EventDate "2007.01.02"]
[EventType "swiss"]
[EventRounds "6"]
[EventCountry "GER"]
[SourceTitle "EXT 2015"]
[Source "ChessBase"]
[SourceDate "2014.11.20"]
[SourceVersion "1"]
[SourceVersionDate "2014.11.20"]
[SourceQuality "1"]

1. e4 c6 2. d4 d5 3. Nc3 dxe4 4. Nxe4 Nf6 5. Nxf6+ gxf6 6. Nf3 Bg4 7. Be2 e6 8. c3 Bd6 9. Qb3 Qc7 10. h3 Bh5 11. Be3 Nd7 12. 0-0-0 f5 13. g4 Bg6 14. g5 a5 15. c4 b5 16. c5 Bf4 17. h4 Bh5 18. Rde1 Bxe3+ 19. Qxe3 0-0-0 20. Nd2 Bxe2 21. Rxe2 Kb7 22. f4 h5 23. Rd1 Nf8 24. Nf3 Ng6 25. Ne5 Nxe5 26. fxe5 Qd7 27. Rd3 Qd5 28. Rd1 Qxa2 29. b3 Qa3+ 30. Rb2 a4 31. Rd3 Ra8 32. b4 Qa1+ 33. Rb1 Qa2 34. Rb2 Qd5 35. Qf3 Qxf3 36. Rxf3 Rhd8 37. Rd3 a3 38. Ra2 Ra4 39. Kc2 Rda8 40. Kb3 Kc7 41. Rd1 Kd7 42. Rf1 Ke7 43. Rf4 Kf8 44. Kc3 Kg7 45. Kb3 Kg6 46. Kc3 Rd8 47. Kb3 Rd7 48. Kc3 Rda7 1/2-1/2